Statistics for Olivia Rodrigo Charting Songs (Billboard Hot 100)

Click here to take the quiz!

General Stats

  • This quiz has been taken 829 times
    (32 since last reset)
  • The average score is 25 of 30

Answer Stats

AlbumWeeks OnPeakArtist(s)Song% Correct
SOUR12 Weeks#12Olivia Rodrigobrutal
100%
SOUR29 Weeks#3Olivia Rodrigodeja vu
96%
SOUR28 Weeks#1 (8 Weeks)Olivia Rodrigodrivers license
96%
SOUR12 Weeks#15Olivia Rodrigohappier
96%
GUTS35 Weeks#1 (2 Weeks)Olivia Rodrigovampire
96%
High School Musical: The Musical: The Series: The Soundtrack2 Weeks#90Olivia RodrigoAll I Want
92%
SOUR51 Weeks#1 (1 Week)Olivia Rodrigogood 4 u
92%
GUTS (spilled)4 Weeks#14Olivia Rodrigoobsessed
92%
SOUR24 Weeks#9Olivia Rodrigotraitor
92%
SOUR4 Weeks#19Olivia Rodrigo1 step forward, 3 steps back
88%
The Hunger Games: The Ballad of Songbirds & Snakes12 Weeks#56Olivia RodrigoCan't Catch Me Now
88%
SOUR6 Weeks#14Olivia Rodrigoenough for you
88%
GUTS3 Weeks#23Olivia Rodrigolacy
88%
GUTS (spilled)1 Week#75Olivia Rodrigostranger
88%
GUTS19 Weeks#7Olivia Rodrigobad idea right?
83%
GUTS20 Weeks#11Olivia Rodrigoget him back!
83%
GUTS (spilled)1 Week#99Olivia Rodrigogirl i've always been
83%
GUTS3 Weeks#20Olivia Rodrigological
83%
GUTS3 Weeks#19Olivia Rodrigomaking the bed
83%
GUTS (spilled)1 Week#90Olivia Rodrigoscared of my guitar
83%
GUTS (spilled)1 Week#58Olivia Rodrigoso american
83%
GUTS4 Weeks#13Olivia Rodrigoall-american bitch
79%
SOUR9 Weeks#24Olivia Rodrigojealousy, jealousy
79%
GUTS2 Weeks#39Olivia Rodrigoteenage dream
79%
GUTS2 Weeks#24Olivia Rodrigoballad of a homeschooled girl
75%
SOUR13 Weeks#16Olivia Rodrigofavorite crime
75%
SOUR3 Weeks#29Olivia Rodrigohope ur ok
75%
GUTS4 Weeks#16Olivia Rodrigothe grudge
75%
GUTS3 Weeks#25Olivia Rodrigolove is embarrassing
67%
GUTS2 Weeks#30Olivia Rodrigopretty isn't pretty
67%

Score Distribution

Percentile by Number Answered

Percent of People with Each Score

Your Score History

You have not taken this quiz since the last reset